[Event "Carpuela CupT U20 6th"]
[Site "Carpuela"]
[Date "2015.06.02"]
[Round "3.1"]
[White "Bedon, Kevin"]
[Black "Castro Chabuza, Gustavo"]
[Result "1-0"]
[WhiteElo "1688"]
[BlackElo "1802"]
[PlyCount "51"]
[EventDate "2015.06.01"]
[EventType "team-swiss"]
[EventRounds "7"]
[EventCountry "ECU"]
[SourceTitle "CBM 166 Extra"]
[Source "ChessBase"]
[SourceDate "2015.06.18"]
[SourceVersion "1"]
[SourceVersionDate "2015.06.18"]
[SourceQuality "1"]
[WhiteTeam "Cotopaxi"]
[BlackTeam "Guayas"]
[WhiteTeamCountry "ECU"]
[BlackTeamCountry "ECU"]

1. e4 e5 2. Nf3 d6 3. d4 exd4 4. Nxd4 Nf6 5. Nc3 Be7 6. Bc4 0-0 7. f3 c6 8. Bb3 Nbd7 9. Be3 Nc5 10. Qd2 Qc7 11. 0-0-0 b5 12. g4 a5 13. a4 b4 14. Nce2 Be6 15. Nf4 Bxb3 16. cxb3 Rad8 17. Qc2 Rfe8 18. Kb1 Bf8 19. Bc1 Nfd7 20. Rhe1 Ne5 21. Nh5 Ne6 22. Rf1 Kh8 23. Ne2 Qb6 24. h3 d5 25. f4 Nd7 26. e5 1-0